000 00441nam a22001817a 4500
003 CEME
005 20210628201743.0
008 210201b xxu||||| |||| 00| 0 eng d
020 _a0-340-79627-8
040 _c.
082 _a823.008 BLY
100 _aBlyton, Enid
_911689
245 _aFive go to mystery moor
260 _aNEW YORK
_bHODDER
_c2001
300 _a245P
650 _aENGLISH LITERATURE-FICTION
_91857
942 _cBK
_2ddc
999 _c567040
_d567040